|
|
|
|
| LEADER |
01507nam a22002417ia4500 |
| 001 |
10067711 |
| 003 |
GR-PaULI |
| 005 |
20240429093823.0 |
| 008 |
170914s1998 gr a g 0 dgre d |
| 020 |
|
|
|a 9609019463
|
| 040 |
|
|
|a GR-PaULI
|b gre
|c GR-PaULI
|e AACR2
|
| 041 |
0 |
|
|a gre
|a eng
|
| 082 |
0 |
4 |
|a 956.101
|2 23
|
| 100 |
1 |
|
|9 203330
|a Μαΐλλης, Αντώνης Σ.
|e συγγραφέας.
|
| 245 |
1 |
0 |
|a Μικρασιατικά παράλια :
|b από τον Πόντο στη Μεσόγειο : επιστολικά δελτάρια 1880-1920 /
|c συλλογή, κείμενα Αντώνης Σ. Μαΐλλης ; εισαγωγή Φωτεινή Ν. Κωνσταντοπούλου = The coastline of Asia Minor : from Pontus to the Mediterranean : postcards 1880-1920 / collection and texts Antonis S. Maillis ; introduction Photini Constantopoulou.
|
| 260 |
|
|
|a Ρόδος :
|b Rodos Image :
|b Δήμος Ροδίων,
|c [1998].
|
| 300 |
|
|
|a 221 σ. :
|b εικ., χάρτης ;
|c 24 x 30 εκ.
|
| 651 |
|
4 |
|a Μικρά Ασία
|x Περιγραφή και ταξίδια
|x Λευκώματα.
|9 203331
|
| 651 |
|
4 |
|a Τουρκία
|x Περιγραφή και ταξίδια
|x Λευκώματα.
|9 203332
|
| 700 |
|
|
|9 38827
|a Τομαή-Κωνσταντοπούλου, Φωτεινή
|
| 942 |
|
|
|2 ddc
|c BK
|
| 952 |
|
|
|0 0
|1 0
|2 ddc
|4 0
|6 956_101000000000000_ΜΑΙ
|7 0
|9 379813
|a LISP
|b LISP
|c DON
|d 2024-04-29
|e ΜΑΡ
|i 365232
|l 0
|o 956.101 ΜΑΙ
|p 025000309297
|r 2024-04-29 00:00:00
|t 1
|w 2024-04-29
|y BKN
|
| 999 |
|
|
|c 220826
|d 220826
|